| 000 | 00706nam a22002657a 4500 | ||
|---|---|---|---|
| 001 | 22803 | ||
| 003 | UA-OsUOA | ||
| 005 | 20231023123039.0 | ||
| 007 | ta | ||
| 008 | 20031225b un ||||| |||| 00| 0 ukr d | ||
| 040 |
_aUA-OsUOA _brus _cUA-OsUOA _dUA-OsUOA |
||
| 041 | _arus | ||
| 044 | _aRU | ||
| 080 | _a215 | ||
| 090 |
_a215 _bФ73 |
||
| 100 | _aФлоренский П. А. | ||
| 245 |
_aУ водоразделов мысли _cП. А. Флоренский |
||
| 260 |
_aМосква _bПравда _c1990 |
||
| 300 | _a447 с. | ||
| 505 | _gТ. 2 | ||
| 650 | 7 |
_2UDC _a2 Релігія |
|
| 942 |
_cBK _2udc |
||
| 955 | _a2 | ||
| 999 |
_c309032 _d309032 |
||